| 000 | 01163nam a22001817a 4500 | ||
|---|---|---|---|
| 008 | 230208b |||||||| |||| 00| 0 eng d | ||
| 040 |
_aNational Science Library _cNational Science Library |
||
| 080 |
_a63(047) _bL6.4 |
||
| 245 | _aReport of the national commission on agriculture 1976 | ||
| 260 |
_aNew Delhi: _bGovernment of India Ministry of Agriculture and Irrigation, _c1976 |
||
| 300 |
_axiv, 638p. _bMaps |
||
| 500 | _aVol. 1 (Review and progress) Vol. 2 (Policy and strategy) Vol. 3 (Demand and supply) Vol. 4 (Climate and agriculture) Vol. 5 (Resource development) Vol. 6 (Crop production, sericulture and apiculture) Vol. 7 (Animal husbandry) Vol. 8 (Fisheries) Vol. 9 (Forestry) Vol. 10 (Inputs) Vol. 11 ( Research, education and extension) Vol. 12 (Supporting services and incentives) Vol. 13 (Rural employment and special area programmes) Vol. 14 (Planning, statistics and administration) Vol. 15 (Agrarian reforms) | ||
| 650 | _aAgriculture | ||
| 653 | _aCrop weather relationship | ||
| 653 | _aMeteorology and crop production | ||
| 710 | _aGovernment of India Ministry of Agriculture and Irrigation | ||
| 942 |
_2udc _cREP |
||
| 999 |
_c390 _d390 |
||